Behaviorálne aspekty účtovníctva ako zdroja informácií pre rozhodovanie dizertačná práca

Salvato in:
Dettagli Bibliografici
Autore principale: Rybka, Lukáš
Ente Autore: Fakulta hospodárskej informatiky EU. Katedra účtovníctva a audítorstva
Altri autori: Tumpach, Miloš, 1970-
Natura: Libro
Lingua:slovacco
Pubblicazione: Bratislava 2014
Soggetti:
Tags: Aggiungi Tag
Nessun Tag, puoi essere il primo ad aggiungerne!!

MARC

LEADER 00000nbm a2200000 4500
001 0191729
005 20240502073222.7
041 0 |a slo 
044 |a SK 
245 1 0 |a Behaviorálne aspekty účtovníctva ako zdroja informácií pre rozhodovanie  |b dizertačná práca  |c Lukáš Rybka ; školiteľ: Miloš Tumpach 
264 1 |a Bratislava  |c 2014 
300 |a 100 s. 
610 2 0 |a účtovníctvo 
610 2 0 |a behaviorizmus 
610 2 0 |a informácie ekonomické 
100 1 |a Rybka, Lukáš 
700 1 |a Tumpach, Miloš, 1970- 
710 2 |a Fakulta hospodárskej informatiky EU. Katedra účtovníctva a audítorstva